[Event "28th 4NCL Congress"]
[Site "Leamington Spa"]
[Date "2022.07.09"]
[Round "3"]
[Board "27"]
[White "Lewis, Evan"]
[Black "Berridge, Martin"]
[Result "1-0"]
[WhiteElo "1802"]
[BlackElo "1693"]
[PlyCount "53"]
[EventDate "2022.07.08"]
[EventRounds "5"]
[EventCountry "ENG"]

1. d4 f5 2. e4 fxe4 3. Nc3 d5 4. Qh5+ g6 5. Qxd5 Qxd5 6. Nxd5 Kd8 7. Bf4 a5 8.
Be5 e6 9. Nxc7 Ra7 10. Nb5 Ra8 11. Bxh8 Bd7 12. O-O-O Bh6+ 13. Kb1 Ne7 14. Bf6
Nbc6 15. Bxe7+ Nxe7 16. Nd6 Bg7 17. Nxb7+ Kc7 18. Nc5 Rc8 19. Nxd7 Kxd7 20.
Bb5+ Kd6 21. f3 e3 22. Ne2 Nd5 23. c4 Nc7 24. Nc3 Rb8 25. Ne4+ Ke7 26. Ba4 Rd8
27. Rhe1  1-0

[Event "28th 4NCL Congress"]
[Site "Leamington Spa"]
[Date "2022.07.09"]
[Round "3"]
[Board "28"]
[White "Fisher, Neal"]
[Black "Wheeler, Tim"]
[Result "1-0"]
[WhiteElo "1732"]
[BlackElo "1815"]
[PlyCount "70"]
[EventDate "2022.07.08"]
[EventRounds "5"]
[EventCountry "ENG"]

1. d4 Nf6 2. Bg5 Ne4 3. Bf4 c5 4. c3 Qb6 5. Qc2 d5 6. e3 Bf5 7. Qb3 c4 8. Qxb6
axb6 9. f3 Nf6 10. Nd2 Nc6 11. b3 b5 12. b4 Ra3 13. Ne2 Bd3 14. Nb1 Bxb1 15.
Rxb1 Rxa2 16. Nc1 Ra3 17. Ne2 e6 18. g4 h6 19. Bg2 Kd7 20. O-O Bd6 21. Rfc1
Rha8 22. Bf1 g5 23. Bg3 Ra2 24. Be1 R8a3 25. h3 Ra8 26. h4 e5 27. hxg5 hxg5 28.
Ng3 e4 29. Bg2 Bxg3 30. Bxg3 exf3 31. Bxf3 Ne4 32. Bxe4 dxe4 33. Rf1 Ke6 34.
Rf5 Ne7 35. Re5+ Kf6  1-0

[Event "28th 4NCL Congress"]
[Site "Leamington Spa"]
[Date "2022.07.09"]
[Round "3"]
[Board "29"]
[White "Lekoudis, George"]
[Black "David, Barry AH"]
[Result "0-1"]
[WhiteElo "1775"]
[BlackElo "1670"]
[PlyCount "54"]
[EventDate "2022.07.08"]
[EventRounds "5"]
[EventCountry "ENG"]

1. e4 e6 2. Nf3 d5 3. Nc3 d4 4. Ne2 c5 5. d3 Nc6 6. c3 e5 7. h3 h6 8. Bd2 Nf6
9. Qc2 Bd6 10. g4 Nd7 11. Ng3 g6 12. Be2 Bf8 13. Ng1 c4 14. dxc4 Nc5 15. Bf1
Be6 16. b4 dxc3 17. Bxc3 Nd7 18. a3 Bg7 19. Nf3 Qf6 20. Nd2 O-O 21. Be2 Nd4 22.
Qb2 Rfd8 23. O-O Qh4 24. Kg2 h5 25. f3 Rac8 26. Bd3 Nf6 27. Rh1 Bh6 {White
lost on time}  0-1

[Event "28th 4NCL Congress"]
[Site "Leamington Spa"]
[Date "2022.07.09"]
[Round "3"]
[Board "30"]
[White "Pitt, Chris W"]
[Black "Sharpe, Peter T"]
[Result "1/2-1/2"]
[WhiteElo "1648"]
[BlackElo "1757"]
[PlyCount "61"]
[EventDate "2022.07.08"]
[EventRounds "5"]
[EventCountry "ENG"]

1. e4 e6 2. d4 d5 3. Nd2 c5 4. dxc5 Bxc5 5. Bd3 Nf6 6. Qe2 O-O 7. e5 Nfd7 8.
Ngf3 Nc6 9. O-O Be7 10. c3 f5 11. exf6 Nxf6 12. Re1 Bd6 13. c4 Re8 14. b3 e5
15. cxd5 Nd4 16. Qd1 Bg4 17. h3 Bxf3 18. Nxf3 Nxf3+ 19. Qxf3 Bb4 20. Re2 Bc3
21. Bxh7+ Kxh7 22. Qxc3 Qxd5 23. Qd2 Qb5 24. Bb2 Rad8 25. Qc2+ Kh8 26. Rae1 Nd7
27. Qf5 Rf8 28. Qh5+ Kg8 29. Qg5 Qc5 30. Qe3 Qb5 31. Qg5  1/2-1/2

[Event "28th 4NCL Congress"]
[Site "Leamington Spa"]
[Date "2022.07.10"]
[Round "4"]
[Board "1"]
[White "Garnett, John S"]
[Black "Sangha, Manpreet"]
[Result "1/2-1/2"]
[WhiteElo "1951"]
[BlackElo "1976"]
[PlyCount "40"]
[EventDate "2022.07.08"]
[EventRounds "5"]
[EventCountry "ENG"]

1. d4 Nf6 2. Bg5 d5 3. e3 c5 4. Bxf6 gxf6 5. c4 cxd4 6. Qxd4 dxc4 7. Qxd8+ Kxd8
8. Bxc4 e6 9. Nc3 a6 10. Nge2 Bd7 11. O-O-O Kc7 12. Kb1 Bc6 13. Rhg1 Rg8 14. g3
Bf3 15. Rd2 Nc6 16. Rc1 Be7 17. Nd4 Nxd4 18. Rxd4 Rad8 19. Nd5+ Bxd5 20. Bxd5+
Kb8  1/2-1/2

[Event "28th 4NCL Congress"]
[Site "Leamington Spa"]
[Date "2022.07.10"]
[Round "4"]
[Board "2"]
[White "Dean, Robert A"]
[Black "Tomlinson, Zak"]
[Result "1/2-1/2"]
[WhiteElo "1843"]
[BlackElo "1847"]
[PlyCount "65"]
[EventDate "2022.07.08"]
[EventRounds "5"]
[EventCountry "ENG"]

1. e4 e5 2. Nf3 Nc6 3. Bb5 a6 4. Ba4 Nf6 5. O-O b5 6. Bb3 Be7 7. Re1 O-O 8. a4
Bb7 9. c3 d6 10. d4 exd4 11. cxd4 Qd7 12. Nc3 b4 13. Nd5 a5 14. Bf4 Nd8 15.
Nxe7+ Qxe7 16. e5 dxe5 17. Nxe5 Ne6 18. Nxf7 Bd5 19. Ng5 Ra6 20. Bxc7 h6 21.
Nxe6 Rxe6 22. Be5 Bxb3 23. Qxb3 Kh8 24. f3 Rd8 25. Rac1 Rxd4 26. Rc8+ Kh7 27.
Qc2+ g6 28. Rc7 Rd7 29. Rxd7 Nxd7 30. f4 Nxe5 31. Rxe5 Rxe5 32. fxe5 Qxe5 33.
g3  1/2-1/2

[Event "28th 4NCL Congress"]
[Site "Leamington Spa"]
[Date "2022.07.10"]
[Round "4"]
[Board "3"]
[White "Veselow, Zoe"]
[Black "Isik, Muhammed Oguz"]
[Result "0-1"]
[WhiteElo "1641"]
[BlackElo "1547"]
[PlyCount "66"]
[EventDate "2022.07.08"]
[EventRounds "5"]
[EventCountry "ENG"]

1. e4 e5 2. Nf3 Nc6 3. d4 exd4 4. c3 dxc3 5. Nxc3 Bc5 6. Bc4 d6 7. Qb3 Qd7 8.
a4 Na5 9. Qa2 Nxc4 10. Qxc4 a5 11. O-O c6 12. Bf4 Qe6 13. Qd3 Ne7 14. Rfd1 O-O
15. Ng5 Qg6 16. Rac1 h6 17. Nf3 Bg4 18. Rd2 Rfd8 19. Kh1 Qf6 20. Bg3 Ng6 21.
Ne1 Nf4 22. Bxf4 Qxf4 23. Nc2 d5 24. exd5 Bf5 25. Qe2 Re8 26. Qd1 Bxf2 27. dxc6
Bxc2 28. Qxc2 Be1 29. Rf2 Qxf2 30. Qxf2 Bxf2 31. cxb7 Rab8 32. Ne4 Rxe4 33.
Rc8+ Re8  0-1

[Event "28th 4NCL Congress"]
[Site "Leamington Spa"]
[Date "2022.07.10"]
[Round "4"]
[Board "4"]
[White "Turner, Lewis A"]
[Black "Sivanandan, Bodhana"]
[Result "1-0"]
[WhiteElo "1986"]
[BlackElo "1588"]
[PlyCount "113"]
[EventDate "2022.07.08"]
[EventRounds "5"]
[EventCountry "ENG"]

1. e4 e5 2. Nf3 Nc6 3. Bc4 Bc5 4. c3 Nf6 5. d4 exd4 6. b4 Bb6 7. e5 d5 8. exf6
dxc4 9. Qe2+ Be6 10. b5 Na5 11. fxg7 Rg8 12. Nxd4 Bxd4 13. cxd4 Qxd4 14. Bb2
Qd5 15. O-O Qxb5 16. Nc3 Qc6 17. Qe5 O-O-O 18. Qxa5 Rxg7 19. f3 Rd2 20. Rf2
Rxf2 21. Kxf2 Qb6+ 22. Qxb6 axb6 23. Rd1 Rg8 24. Ne4 Rd8 25. Rxd8+ Kxd8 26. Ng5
h6 27. Nxe6+ fxe6 28. g4 b5 29. a3 c5 30. Bc3 Kd7 31. h4 Ke7 32. Ke3 Kd6 33. h5
Ke7 34. f4 b6 35. Ke4 Kd6 36. g5 hxg5 37. h6 g4 38. h7 Kc6 39. h8=Q b4 40. Qe8+
Kb7 41. axb4 cxb4 42. Bxb4 Ka6 43. Qa4+ Kb7 44. Qb5 g3 45. Kf3 g2 46. Kxg2 Kc7
47. Qxc4+ Kb7 48. Qxe6 Kc7 49. f5 Kb7 50. f6 Ka7 51. f7 Kb7 52. f8=Q Ka6 53.
Qa8+ Kb5 54. Qac6+ Kxb4 55. Qec4+ Ka3 56. Q4a4+ Kb2 57. Qcc2#  1-0

[Event "28th 4NCL Congress"]
[Site "Leamington Spa"]
[Date "2022.07.10"]
[Round "4"]
[Board "5"]
[White "Brocklehurst, Andrew"]
[Black "Gardner, Phillip K"]
[Result "1-0"]
[WhiteElo "1987"]
[BlackElo "1863"]
[PlyCount "81"]
[EventDate "2022.07.08"]
[EventRounds "5"]
[EventCountry "ENG"]

1. e4 c5 2. Nf3 d6 3. Bb5+ Bd7 4. Bxd7+ Qxd7 5. c4 Nc6 6. d4 cxd4 7. Nxd4 Nf6
8. Nc3 g6 9. O-O Bg7 10. Re1 Nxd4 11. Qxd4 O-O 12. Qd3 b6 13. f3 Rad8 14. Be3
Ne8 15. a4 Nc7 16. a5 Na8 17. Ra2 Bxc3 18. Qxc3 Rc8 19. Bh6 f6 20. Bxf8 Kxf8
21. b3 b5 22. Qd4 e5 23. Qd3 bxc4 24. bxc4 Qc6 25. Rd1 Qc5+ 26. Kf1 Rc6 27. Qd5
Ke7 28. Rb1 Nc7 29. Qxc5 Rxc5 30. Rb7 Rxc4 31. Rxa7 h5 32. Rb2 Kd7 33. Rb8 g5
34. Rh8 h4 35. Rh7+ Kc8 36. Ke2 Kb8 37. Rhxc7 Rxc7 38. Rxc7 Kxc7 39. Kd3 Kb7
40. Kc4 Kc6 41. a6  1-0

[Event "28th 4NCL Congress"]
[Site "Leamington Spa"]
[Date "2022.07.10"]
[Round "4"]
[Board "6"]
[White "Brencher, Paul"]
[Black "Burns, Kenneth"]
[Result "1/2-1/2"]
[WhiteElo "1959"]
[BlackElo "1711"]
[PlyCount "68"]
[EventDate "2022.07.08"]
[EventRounds "5"]
[EventCountry "ENG"]

1. d4 Nf6 2. Bg5 d5 3. Nd2 h6 4. Bh4 e6 5. e3 c5 6. c3 Nc6 7. Bd3 cxd4 8. exd4
Bd6 9. Ngf3 O-O 10. O-O e5 11. dxe5 Nxe5 12. Nxe5 Bxe5 13. Qc2 Bxh2+ 14. Kxh2
Ng4+ 15. Kg1 Qxh4 16. Nf3 Qh5 17. Qa4 Rd8 18. Rfe1 Bd7 19. Bb5 Bxb5 20. Qxb5 a6
21. Qxb7 Rab8 22. Qxa6 Rxb2 23. Re2 Rdb8 24. Rae1 Kh7 25. Qd3+ Qg6 26. Qxd5
Rxe2 27. Rxe2 Rb1+ 28. Ne1 Qc2 29. Qe4+ Qxe4 30. Rxe4 f5 31. Re2 Rc1 32. f3 Nf6
33. Kf2 Rxc3 34. Nc2 f4  1/2-1/2

[Event "28th 4NCL Congress"]
[Site "Leamington Spa"]
[Date "2022.07.10"]
[Round "4"]
[Board "7"]
[White "McDonnell, James J"]
[Black "McLachlan, Matthew"]
[Result "1/2-1/2"]
[WhiteElo "1934"]
[BlackElo "1795"]
[PlyCount "120"]
[EventDate "2022.07.08"]
[EventRounds "5"]
[EventCountry "ENG"]

1. e4 e6 2. d4 d5 3. Nd2 Nf6 4. e5 Nfd7 5. Bd3 c5 6. c3 Nc6 7. Ne2 cxd4 8. cxd4
f6 9. exf6 Nxf6 10. O-O Bd6 11. Nf3 Qc7 12. Bg5 O-O 13. Rc1 Bd7 14. Bh4 Nh5 15.
Nc3 Bf4 16. Rc2 Be8 17. a3 g6 18. Re1 Qf7 19. b4 h6 20. b5 Na5 21. Nxd5 g5 22.
Nxf4 Nxf4 23. Ne5 Qg7 24. Bg3 Rd8 25. Bf1 Bh5 26. f3 Qe7 27. Rc3 Nd5 28. Rd3
Rc8 29. Qd2 b6 30. Rc1 Qb7 31. Re1 Qe7 32. Qb2 Rfd8 33. Rdd1 Rc3 34. Ra1 Rdc8
35. Rec1 Qe8 36. Be1 Rxc1 37. Rxc1 Nb7 38. Rxc8 Qxc8 39. Nc6 Qf8 40. Bc4 Nf4
41. Bb4 Qf6 42. Be7 Qf7 43. Bb4 Na5 44. Bxa5 bxa5 45. Qa2 Kg7 46. Nd8 Qd7 47.
Nxe6+ Nxe6 48. Bxe6 Qxd4+ 49. Qf2 Qa1+ 50. Qf1 Qxf1+ 51. Kxf1 Kf6 52. Bb3 Ke5
53. Ke2 Kd4 54. Kd2 Be8 55. a4 Bh5 56. Bd1 Bf7 57. Bc2 Bd5 58. Bd1 Bf7 59. Bc2
Bd5 60. Bd1 Bf7  1/2-1/2

[Event "28th 4NCL Congress"]
[Site "Leamington Spa"]
[Date "2022.07.10"]
[Round "4"]
[Board "8"]
[White "Boughen, Andrew"]
[Black "Thynne, Trefor F"]
[Result "0-1"]
[WhiteElo "1799"]
[BlackElo "1897"]
[PlyCount "62"]
[EventDate "2022.07.08"]
[EventRounds "5"]
[EventCountry "ENG"]

1. d4 d5 2. c4 c6 3. Nf3 Nf6 4. Nc3 dxc4 5. a4 Bf5 6. e3 e6 7. Bxc4 Bb4 8. O-O
O-O 9. h3 Nbd7 10. Nh4 Qe7 11. Nxf5 exf5 12. Qc2 g6 13. b3 Rac8 14. Bb2 Rfe8
15. Rac1 Nb6 16. Rfd1 Nbd5 17. Qd3 a6 18. Bxd5 cxd5 19. Rc2 Qd7 20. Rdc1 Bd6
21. Nb1 f4 22. Rxc8 Rxc8 23. Rxc8+ Qxc8 24. Qc3 Qf5 25. Nd2 fxe3 26. fxe3 Bg3
27. Nf3 Qb1+ 28. Bc1 Ne4 29. Qc8+ Kg7 30. Ne5 Qa2 31. Nd3 Qe2  0-1

[Event "28th 4NCL Congress"]
[Site "Leamington Spa"]
[Date "2022.07.10"]
[Round "4"]
[Board "9"]
[White "Holmes, Matthew A"]
[Black "Gordon, Sean"]
[Result "1-0"]
[WhiteElo "1784"]
[BlackElo "1890"]
[PlyCount "47"]
[EventDate "2022.07.08"]
[EventRounds "5"]
[EventCountry "ENG"]

1. Nf3 c5 2. c4 Nc6 3. Nc3 g6 4. e3 Nf6 5. d4 cxd4 6. exd4 d5 7. cxd5 Nxd5 8.
Qb3 e6 9. Bb5 Bg7 10. O-O O-O 11. Bxc6 bxc6 12. h3 Ba6 13. Re1 Rb8 14. Qd1 Nxc3
15. bxc3 c5 16. Ba3 Rc8 17. Qa4 Bb7 18. Qd1 Re8 19. Bxc5 Rxc5 20. dxc5 Qa5 21.
Qd7 Rb8 22. Rab1 Bxc3 23. Red1 Bb4 24. Ng5  1-0

[Event "28th 4NCL Congress"]
[Site "Leamington Spa"]
[Date "2022.07.10"]
[Round "4"]
[Board "10"]
[White "Figueroa, Edison"]
[Black "Moss, Jack O"]
[Result "0-1"]
[WhiteElo "1888"]
[BlackElo "1766"]
[PlyCount "109"]
[EventDate "2022.07.08"]
[EventRounds "5"]
[EventCountry "ENG"]

1. e4 e5 2. Nf3 Nc6 3. d4 exd4 4. Bc4 Nf6 5. e5 Ne4 6. c3 d5 7. exd6 Nxd6 8.
Bb3 Qe7+ 9. Qe2 Qxe2+ 10. Kxe2 Bg4 11. Bd5 Ne7 12. Bb3 dxc3 13. Nxc3 O-O-O 14.
Bf4 f6 15. Rhd1 Nc6 16. h3 Re8+ 17. Be3 Bxf3+ 18. Kxf3 Nf5 19. Nd5 Bd6 20. Rac1
Nxe3 21. Nxe3 Be5 22. Ba4 Nd4+ 23. Ke4 f5+ 24. Nxf5 Bf6+ 25. Bxe8 Rxe8+ 26. Kf4
Ne2+ 27. Kf3 Nxc1 28. Rxc1 Rd8 29. Rc2 a5 30. b3 a4 31. bxa4 Rd3+ 32. Ke2 Ra3
33. Nd6+ Kb8 34. Ne4 Bd4 35. f3 Rxa4 36. Kd3 Be5 37. g4 Ra3+ 38. Ke2 b6 39. h4
Bd4 40. Nd2 Re3+ 41. Kf1 c5 42. f4 Rh3 43. h5 Rh2 44. a4 Be3 45. Ke1 Bxf4 46.
Rb2 Bxd2+ 47. Rxd2 Rxd2 48. Kxd2 Kb7 49. Kc3 Ka6 50. Kb3 Ka5 51. g5 b5 52. axb5
Kxb5 53. h6 g6 54. Kc3 Kc6 55. Kc4  0-1

[Event "28th 4NCL Congress"]
[Site "Leamington Spa"]
[Date "2022.07.10"]
[Round "4"]
[Board "11"]
[White "Jones, Gabriel"]
[Black "Johnson, Richard J"]
[Result "0-1"]
[WhiteElo "1501"]
[BlackElo "1886"]
[PlyCount "102"]
[EventDate "2022.07.08"]
[EventRounds "5"]
[EventCountry "ENG"]

1. e4 c5 2. Nf3 e6 3. d4 cxd4 4. Nxd4 a6 5. Nc3 Qc7 6. Be3 Nf6 7. a3 b5 8. f3
Bb7 9. Qd2 d5 10. exd5 Nxd5 11. Nxd5 Bxd5 12. Nb3 Bd6 13. Qf2 Nd7 14. Nd4 Nf6
15. Bd3 Bxh2 16. O-O-O Bf4 17. g4 O-O-O 18. a4 Bc4 19. Kb1 Bxe3 20. Qxe3 bxa4
21. Be4 Nd5 22. Qa3 Qb6 23. Bxd5 Rxd5 24. Qc3 Rc5 25. Ka1 Be2 26. Qa3 Bxd1 27.
Rxd1 Rd8 28. Rd3 Rc4 29. Ne2 Rxc2 30. Rc3+ Rxc3 31. Nxc3 Qb3 32. Qc5+ Kb8 33.
Qa5 Rc8 34. Qxa6 a3 35. Qd6+ Rc7 36. Qd8+ Kb7 37. Qd2 axb2+ 38. Qxb2 Rxc3 39.
Qd2 Qa3+ 40. Kb1 Rb3+ 41. Kc2 Rb2+ 42. Kd1 Rxd2+ 43. Kxd2 Qxf3 44. Kc2 e5 45.
g5 e4 46. g6 hxg6 47. Kb2 Qd3 48. Ka2 e3 49. Kb2 e2 50. Ka2 e1=Q 51. Kb2 Qeb1#
 0-1

[Event "28th 4NCL Congress"]
[Site "Leamington Spa"]
[Date "2022.07.10"]
[Round "4"]
[Board "12"]
[White "Singleton, Luke"]
[Black "Bott, Simeon"]
[Result "1-0"]
[WhiteElo "1859"]
[BlackElo "1963"]
[PlyCount "69"]
[EventDate "2022.07.08"]
[EventRounds "5"]
[EventCountry "ENG"]

1. e4 e5 2. Nf3 Nc6 3. Nc3 Nf6 4. d4 exd4 5. Nxd4 Bb4 6. Nxc6 bxc6 7. Bd3 O-O
8. O-O d5 9. exd5 cxd5 10. Bd2 c6 11. a3 Bd6 12. f4 Ng4 13. Qe1 Re8 14. Qg3 Qf6
15. Ne2 Bd7 16. Bc3 Bc5+ 17. Kh1 d4 18. Bd2 Bf5 19. Rae1 Ne3 20. Rf2 g6 21.
Bxf5 Nxf5 22. Qd3 Rad8 23. Nc1 Rxe1+ 24. Bxe1 Nd6 25. Nb3 Bb6 26. a4 Re8 27.
Rf1 Re3 28. Qd2 a6 29. c3 Ne4 30. Qc1 c5 31. Nd2 Nd6 32. cxd4 cxd4 33. Qc6 Ba5
34. Nc4 Nxc4 35. Qxf6  1-0

[Event "28th 4NCL Congress"]
[Site "Leamington Spa"]
[Date "2022.07.10"]
[Round "4"]
[Board "13"]
[White "Obi, Okwose Marc"]
[Black "Freund, Michael P"]
[Result "1-0"]
[WhiteElo "1962"]
[BlackElo "1759"]
[PlyCount "81"]
[EventDate "2022.07.08"]
[EventRounds "5"]
[EventCountry "ENG"]

1. e4 e6 2. d4 d5 3. e5 c5 4. c3 Nc6 5. Nf3 Bd7 6. Bd3 Rc8 7. O-O cxd4 8. cxd4
Nb4 9. Nc3 Nxd3 10. Qxd3 Ne7 11. Bg5 Qb6 12. Rfc1 a6 13. Rc2 Nc6 14. a3 Be7 15.
Na4 Qb5 16. Qxb5 axb5 17. Nb6 Rd8 18. Bxe7 Nxe7 19. Nxd7 Rxd7 20. Rc5 b4 21.
axb4 O-O 22. Kf1 Rb8 23. b5 b6 24. Rc3 Kf8 25. Ke2 Ke8 26. Kd3 Rdb7 27. Ra6 h6
28. Ne1 Kd7 29. Nc2 Rc8 30. Nb4 Rcc7 31. Ra8 Ra7 32. Rf8 Ra5 33. Rxc7+ Kxc7 34.
Rxf7 Kd8 35. Rxe7 Kxe7 36. Nc6+ Kd7 37. Nxa5 bxa5 38. Kc3 Kc7 39. Kb3 Kb6 40.
Ka4 g5 41. g4  1-0

[Event "28th 4NCL Congress"]
[Site "Leamington Spa"]
[Date "2022.07.10"]
[Round "4"]
[Board "14"]
[White "Jakhria, Kushal"]
[Black "Daniels, David W"]
[Result "1-0"]
[WhiteElo "1853"]
[BlackElo "1921"]
[PlyCount "67"]
[EventDate "2022.07.08"]
[EventRounds "5"]
[EventCountry "ENG"]

1. d4 Nf6 2. c4 c5 3. d5 b5 4. cxb5 a6 5. bxa6 Bxa6 6. Nc3 g6 7. e4 Bxf1 8.
Kxf1 d6 9. g3 Bg7 10. Kg2 O-O 11. Nf3 Nbd7 12. a4 Qb6 13. Qc2 Rfb8 14. Nb5 Ne8
15. Nd2 Nc7 16. Nc4 Qb7 17. Nxc7 Qxc7 18. Ra3 Nb6 19. Nxb6 Rxb6 20. b3 Rab8 21.
Bd2 Qb7 22. Rb1 Qa6 23. Be1 Bd4 24. Qd2 Bg7 25. Qc2 Bd4 26. Rd1 Qb7 27. Rd3 e5
28. Bd2 f5 29. exf5 gxf5 30. Rf3 Qxd5 31. Qxf5 R6b7 32. Bh6 Qf7 33. Qe4 Qg6 34.
Qxb7  1-0

[Event "28th 4NCL Congress"]
[Site "Leamington Spa"]
[Date "2022.07.10"]
[Round "4"]
[Board "15"]
[White "Jacob, Sydney J"]
[Black "Sun, Meng"]
[Result "1-0"]
[WhiteElo "1899"]
[BlackElo "1745"]
[PlyCount "77"]
[EventDate "2022.07.08"]
[EventRounds "5"]
[EventCountry "ENG"]

1. e4 c5 2. Nf3 d6 3. d4 cxd4 4. Nxd4 Nf6 5. Nc3 Nc6 6. Nb3 h6 7. Be2 e5 8. Be3
Be7 9. f3 O-O 10. Qd2 Be6 11. O-O-O a6 12. g4 Nh7 13. Kb1 b5 14. h4 f6 15. Nd5
Rc8 16. Rhg1 Bxd5 17. exd5 Nb8 18. Bd3 Rf7 19. Bg6 Qf8 20. Qd3 f5 21. Bxf7+
Qxf7 22. Qxf5 Qxf5 23. gxf5 Kf7 24. Nd2 Bxh4 25. Ne4 Be7 26. Rg6 Nf6 27. Rd3
Nbd7 28. Nd2 a5 29. b3 Bd8 30. c4 Bb6 31. Ne4 Nxe4 32. fxe4 bxc4 33. bxc4 Rxc4
34. Bxb6 Nxb6 35. Rdg3 Ke7 36. Rxg7+ Kd8 37. Rh7 Nd7 38. Rg8+ Kc7 39. Rgg7  1-0

[Event "28th 4NCL Congress"]
[Site "Leamington Spa"]
[Date "2022.07.10"]
[Round "4"]
[Board "16"]
[White "Nilsson, Adam"]
[Black "Bowman, Richard L"]
[Result "1-0"]
[WhiteElo "1766"]
[BlackElo "1893"]
[PlyCount "79"]
[EventDate "2022.07.08"]
[EventRounds "5"]
[EventCountry "ENG"]

1. Nf3 c6 2. d4 d5 3. Bf4 Qb6 4. Qc1 Nf6 5. e3 Bf5 6. Nbd2 Nbd7 7. c4 e6 8. c5
Qa5 9. a3 a6 10. b4 Qd8 11. Be2 Nh5 12. Ne5 Nxe5 13. Bxe5 Nf6 14. O-O Be7 15.
a4 h5 16. h3 g5 17. Qa3 Rh6 18. b5 Nd7 19. bxc6 bxc6 20. Bg3 g4 21. Kh2 Bf6 22.
Bd3 h4 23. Bf4 Bg5 24. Bxf5 exf5 25. Rab1 Bxf4+ 26. exf4 Qc7 27. Rfe1+ Kf8 28.
Kh1 Qxf4 29. Qe3 Qxe3 30. Rxe3 f4 31. Re2 g3 32. Nf3 Nf6 33. fxg3 Ne4 34. Reb2
fxg3 35. Ne5 Kg7 36. Rb6 Rf6 37. Rxc6 Rf2 38. Nf3 Nc3 39. Re1 Ne4 40. Nxh4 {
Illegible scoresheets}  1-0

[Event "28th 4NCL Congress"]
[Site "Leamington Spa"]
[Date "2022.07.10"]
[Round "4"]
[Board "17"]
[White "Fearnhead, Ben"]
[Black "Ajimal, Jet"]
[Result "1-0"]
[WhiteElo "1876"]
[BlackElo "1627"]
[PlyCount "51"]
[EventDate "2022.07.08"]
[EventRounds "5"]
[EventCountry "ENG"]

1. e4 e5 2. Nf3 Nc6 3. Bc4 Be7 4. d4 exd4 5. c3 d6 6. cxd4 Nf6 7. Nc3 O-O 8. h3
b6 9. O-O Bb7 10. Re1 a5 11. Bf4 h6 12. d5 Nb8 13. Nd4 Nfd7 14. Nf5 Bg5 15. Bh2
Ne5 16. Bb3 Bf6 17. f4 Ng6 18. e5 dxe5 19. fxe5 Be7 20. e6 fxe6 21. Nxe7+ Qxe7
22. Rxe6 Qc5+ 23. Kh1 Nh4 24. Qg4 Qf2 25. Rxh6 Nf5 26. d6+  1-0

[Event "28th 4NCL Congress"]
[Site "Leamington Spa"]
[Date "2022.07.10"]
[Round "4"]
[Board "18"]
[White "Chapman, Philip M"]
[Black "Hickman, John E"]
[Result "1-0"]
[WhiteElo "1758"]
[BlackElo "1869"]
[PlyCount "111"]
[EventDate "2022.07.08"]
[EventRounds "5"]
[EventCountry "ENG"]

1. Nf3 d6 2. g3 e5 3. e4 Nf6 4. d3 Be7 5. Bg2 O-O 6. O-O Nbd7 7. Nbd2 b6 8. c3
Nc5 9. Qc2 Bb7 10. b4 Ne6 11. Re1 a5 12. bxa5 Rxa5 13. Bb2 Qa8 14. a4 Nc5 15.
Nb3 Nxb3 16. Qxb3 Bc6 17. Qc2 Bxa4 18. Qd2 Qb7 19. Nh4 Rfa8 20. Nf5 Bf8 21. Qg5
Be8 22. h4 Rxa1 23. Bxa1 Nd7 24. Ne7+ Kh8 25. Nd5 c6 26. Ne3 Nc5 27. d4 Nb3 28.
Bb2 Be7 29. Qg4 Bd7 30. Qd1 Na5 31. dxe5 dxe5 32. c4 f6 33. Qc2 Be6 34. Bf1 Rd8
35. Bc3 Bc5 36. Qa4 Qc7 37. Ra1 Bd4 38. Ra3 Bxc3 39. Rxc3 Rd4 40. Qc2 Qe7 41.
Nf5 Bxf5 42. exf5 Qc5 43. Bd3 Qb4 44. f3 Qd6 45. Kg2 h6 46. Qb1 Qc5 47. Qc2 Kh7
48. Kh3 Qb4 49. g4 b5 50. cxb5 cxb5 51. Rc8 Nc4 52. g5 Rxh4+ 53. Kxh4 Qe1+ 54.
Kh3 Qh1+ 55. Kg3 Qe1+ 56. Qf2  1-0

[Event "28th 4NCL Congress"]
[Site "Leamington Spa"]
[Date "2022.07.10"]
[Round "4"]
[Board "19"]
[White "Towers, Nigel S"]
[Black "Dooley, Max"]
[Result "0-1"]
[WhiteElo "1864"]
[BlackElo "1728"]
[PlyCount "67"]
[EventDate "2022.07.08"]
[EventRounds "5"]
[EventCountry "ENG"]

1. e4 e5 2. Nf3 Nc6 3. Bb5 a6 4. Bxc6 dxc6 5. O-O Bg4 6. h3 Bh5 7. g4 Bg6 8.
Nxe5 Qh4 9. Qf3 O-O-O 10. d3 Be7 11. Qg2 Bd6 12. Nf3 Qe7 13. Bg5 f6 14. Be3 h5
15. Nh4 Bh7 16. g5 fxg5 17. Bxg5 Nf6 18. Nd2 Rdg8 19. Nc4 Bc5 20. Be3 Bxe3 21.
Nxe3 g5 22. Nhf5 Qd8 23. Qh2 Bxf5 24. Nxf5 g4 25. h4 g3 26. fxg3 Rg6 27. Qd2
Nxe4 28. Qg2 Nxg3 29. Nxg3 Qxh4 30. Rf3 Rhg8 31. Kf2 Qd4+ 32. Kf1 h4 33. Qh3+
Kb8 34. Ne2  0-1

[Event "28th 4NCL Congress"]
[Site "Leamington Spa"]
[Date "2022.07.10"]
[Round "4"]
[Board "20"]
[White "Timbrell, Matthew"]
[Black "Coward, Neil"]
[Result "0-1"]
[WhiteElo "1709"]
[BlackElo "1787"]
[PlyCount "89"]
[EventDate "2022.07.08"]
[EventRounds "5"]
[EventCountry "ENG"]

1. c4 c5 2. Nc3 Nc6 3. g3 g6 4. Bg2 Bg7 5. Nf3 Nf6 6. d4 cxd4 7. Nxd4 O-O 8.
O-O Ng4 9. e3 Nxd4 10. exd4 Nf6 11. Qb3 d6 12. Be3 Ng4 13. Rac1 Nxe3 14. fxe3
Rb8 15. Qa3 a6 16. b4 Bf5 17. Nd5 e5 18. dxe5 Bxe5 19. e4 Be6 20. c5 Bxd5 21.
exd5 Rc8 22. Qd3 dxc5 23. bxc5 Qa5 24. Qe3 Rfe8 25. Qf2 Rf8 26. Rfd1 Qa4 27. d6
Qd7 28. Rb1 Qg4 29. Bxb7 Rb8 30. c6 h5 31. Rd3 Qe4 32. Rbd1 h4 33. d7 hxg3 34.
hxg3 Bc7 35. Qd4 Qe6 36. Ra3 Rxb7 37. Rxa6 Rbb8 38. Rd3 Rb1+ 39. Rd1 Rxd1+ 40.
Qxd1 Qe3+ 41. Kg2 Qxg3+ 42. Kf1 Qh3+ 43. Ke2 Qg2+ 44. Kd3 Qd5+ 45. Ke3  0-1

[Event "28th 4NCL Congress"]
[Site "Leamington Spa"]
[Date "2022.07.10"]
[Round "4"]
[Board "21"]
[White "Prince, Alan R"]
[Black "Lewis, Evan"]
[Result "1-0"]
[WhiteElo "1730"]
[BlackElo "1802"]
[PlyCount "51"]
[EventDate "2022.07.08"]
[EventRounds "5"]
[EventCountry "ENG"]

1. Nf3 d5 2. g3 e6 3. Bg2 Nf6 4. d3 c5 5. Nbd2 Nc6 6. e4 Be7 7. O-O O-O 8. e5
Nd7 9. Re1 b5 10. Nf1 a5 11. h4 Re8 12. Bf4 Bf8 13. N1h2 a4 14. Ng4 Nd4 15. Ng5
Nf5 16. Ne3 Nh6 17. Qh5 g6 18. Qe2 Nxe5 19. Bxe5 f6 20. Bxf6 Qxf6 21. Nxd5 exd5
22. Qxe8 Bb7 23. Qd7 Qg7 24. Bxd5+ Bxd5 25. Qxd5+ Kh8 26. Qxa8  1-0

[Event "28th 4NCL Congress"]
[Site "Leamington Spa"]
[Date "2022.07.10"]
[Round "4"]
[Board "23"]
[White "Passariello, Andrea"]
[Black "Pitt, Chris W"]
[Result "1-0"]
[WhiteElo "1766"]
[BlackElo "1648"]
[PlyCount "81"]
[EventDate "2022.07.08"]
[EventRounds "5"]
[EventCountry "ENG"]

1. b3 e5 2. Bb2 Nc6 3. e3 d6 4. Ne2 Nf6 5. d4 Bd7 6. c4 g6 7. Nbc3 Bg7 8. d5
Ne7 9. e4 O-O 10. Ng3 Ne8 11. Bd3 f5 12. exf5 gxf5 13. f3 Ng6 14. Qc2 Bh6 15.
Nxf5 Bxf5 16. Bxf5 Qg5 17. Bxg6 hxg6 18. Bc1 Qh4+ 19. g3 Qh5 20. O-O Bg7 21.
Qe4 Nf6 22. Qe3 Rf7 23. Ne4 Nxe4 24. Qxe4 Raf8 25. Kg2 Rxf3 26. Rxf3 Rxf3 27.
Qxf3 Qxf3+ 28. Kxf3 e4+ 29. Kxe4 Bxa1 30. Bg5 Kf7 31. g4 Be5 32. h4 Bc3 33. h5
gxh5 34. gxh5 Bb2 35. Kf5 Bc3 36. Be3 a6 37. c5 Be5 38. cxd6 Bxd6 39. Bf4 Bf8
40. Bxc7 Ke8 41. Ke6  1-0

[Event "28th 4NCL Congress"]
[Site "Leamington Spa"]
[Date "2022.07.10"]
[Round "4"]
[Board "24"]
[White "Winter, Kevin"]
[Black "McMorran, Richard"]
[Result "1-0"]
[WhiteElo "1751"]
[BlackElo "1688"]
[PlyCount "29"]
[EventDate "2022.07.08"]
[EventRounds "5"]
[EventCountry "ENG"]

1. e4 c5 2. Nc3 e6 3. Bc4 a6 4. a4 Nc6 5. d3 g6 6. f4 Nge7 7. Nf3 Bg7 8. O-O
O-O 9. Ba2 d5 10. Qe1 dxe4 11. dxe4 e5 12. fxe5 Nxe5 13. Nxe5 Bxe5 14. Bg5 Be6
15. Nd5  1-0